ロード中...

(Eng) Lives and works of great Hindi poets/

書誌詳細
第一著者: Manohar Bandopadhyay
フォーマット: Printed Book
出版事項: Delhi: BR Publishing Corporation, 1994.
LEADER 00390 a2200109 4500
100 |a Manohar Bandopadhyay 
245 |a (Eng) Lives and works of great Hindi poets/  |c Manohar Bandopadhyay 
260 |a Delhi:  |b BR Publishing Corporation,  |c 1994. 
300 |a 161p. 
942 |2 ddc  |c BK 
999 |c 241173  |d 241173 
952 |0 0  |1 0  |4 0  |7 0  |9 267666  |a HIN  |b HIN  |c ST1  |d 2011-11-08  |i 18776  |l 0  |p HIN18776  |r 2014-02-07  |w 2014-02-07  |y BK